02218agaaa2200337 45000010005000000030009000050050017000140070009000310080040000400400023000800410013001031000054001161300033001702450194002032500022003972600116004193000035005355080209005705110092007795200329008715380009012005460013012096500073012227000068012957000069013637000066014327000072014989420012015709990019015829520279016010932IT-RoPAU20220918181228.0d cvaizq50131s9999||||xx ||| | || ||und|| aIT-RoPAUcIT-RoPAU aITALIANO aPonzi MauriziogCodice regista SPICS: 2416939302 aIO, CHIARA E LO SCURO939303 aIO, CHIARA E LO SCUROcSceneggiatura: Ferrini Franco Oldoini Enrico Nuti Francesco Ponzi Maurizio -- Diretto da: Ponzi MauriziopIO, CHIARA E LO SCURO (Rif. Codice opera principale : V0932) aEdizione Standard a(ITALIA)bMERA INTERNATIONAL FILM / Distribuzione: SPF FIRENZEg"1982 (1° ed.: 1993 ; Ed. Lingua Orig.: 1982)" a16MMbsonoro, col.c103 minuti a"Fotografia: Cerchio Carlo; Montaggio: Montanari Sergio; Musica: Cordio Carlo Maria; Sceneggiatura: Ferrini Franco Oldoini Enrico Nuti Francesco Ponzi Maurizio; Soggetto: Nuti Francesco -- Ponzi Maurizio" a"Nuti Francesco; De; Sio Giuliana; Lotti Marcello; Cecchetto Renato; Petrocelli Antoni" aFRANCESCO PORTIERE D'ALBERGO E' UN ABILE GIOCATORE DI BILIARDO CHE SI METTE NEI GUAI QUANDO E' COSTRETTO A RUBARE DEI SOLDI DALLA CASSETTA DI SICUREZZA DEL SUO ALBERGO. PER SUA FORTUNA ENTRA NELLA SUA VITA CHIARA, UNA BELLA SASSOFONISTA, CHE LO AIUTERA' A RESTITUIRE IL DENARO RUBATO. FILM A COLORI.PELLICOLA IN BUONO STATO. aMONO aITALIANO aCOMMEDIAePELLICOLE CINEMA [16MM]xCodice MATERIA SPICS: 9955939304 aCordio Carlo Mariae(musica)gCodice Musica SPICS: 38684939305 aNuti Francesco e(soggetto)gCodice Soggetto SPICS: 23296939306 aPonzi Maurizio e(regista)gCodice regista SPICS: 2416939307 aPonzi Maurizio e(soggetto)gCodice Soggetto 2° SPICS: 2416939308 cMM2ddc c105072d105072 0010406V_0932_00000000000000071aSPICSbSPICSd2015-01-31l0oV0932r2015-01-31 00:00:00w2015-01-31yMMzProgr. Ins.: 1155 / N.Vol.:2 / Copie: 1 / Pag.:0 / Copia rara: n.d. / date import: 1.2.2015 / By Epidotti, Trombetti, Vaglietti - CUSTODITA PRESSO FILMOTECA VATICANA